LEADER 01604oam 2200421M 450 001 9910716366903321 005 20200213070559.1 035 $a(CKB)5470000002520465 035 $a(OCoLC)1065919701 035 $a(OCoLC)995470000002520465 035 $a(EXLCZ)995470000002520465 100 $a20071213d1926 ua 0 101 0 $aeng 135 $aurcn||||||||| 181 $ctxt$2rdacontent 182 $cc$2rdamedia 183 $acr$2rdacarrier 200 10$aExtension of patent to the United Daughters of the Confederacy. March 30, 1926. -- Referred to the House Calendar and ordered to be printed 210 1$a[Washington, D.C.] :$c[U.S. Government Printing Office],$d1926. 215 $a1 online resource (1 page) 225 1 $aHouse report / 69th Congress, 1st session. House ;$vno. 714 225 1 $a[United States congressional serial set ] ;$v[serial no. 8532] 300 $aBatch processed record: Metadata reviewed, not verified. Some fields updated by batch processes. 300 $aFDLP item number not assigned. 606 $aEmblems 606 $aPatent extensions 608 $aLegislative materials.$2lcgft 615 0$aEmblems. 615 0$aPatent extensions. 701 $aVestal$b Albert H$g(Albert Henry),$f1875-1932$pRepublican (IN)$01387992 801 0$bWYU 801 1$bWYU 801 2$bOCLCO 801 2$bOCLCQ 906 $aBOOK 912 $a9910716366903321 996 $aExtension of patent to the United Daughters of the Confederacy. March 30, 1926. -- Referred to the House Calendar and ordered to be printed$93475285 997 $aUNINA